| 000 | 03420nam a2200325 i 4500 | ||
|---|---|---|---|
| 003 | DO-SdBNP | ||
| 005 | 20250529101234.0 | ||
| 007 | ta | ||
| 008 | 250529b2024 dr ac||| |||| 00| 0 spa d | ||
| 020 | _a9789945938395 | ||
| 040 |
_aDO-SdBNP _bspa _cBNPHU _erda |
||
| 041 | _aspa | ||
| 082 | 4 |
_axxx _bM385c _222 |
|
| 100 | 1 |
_aMartínez Villanueva, Cristian _eautor _4aut. _987283 |
|
| 245 | 1 | 0 |
_aCita con el destino : _bencuentros con Balaguer / _cCristian Martínez Villanueva (Crismar) ; apoyo fotográfico, Guadalupe Casasnovas ; fotografía de contraportada, Suliman Chadirji. ; fotos del Parque Independencia, Onorio Montás |
| 250 | _aPrimera edición | ||
| 264 | 4 |
_aSanto Domingo, República Dominicana : _bOcéano Azul Ediciones, _c©2024. |
|
| 300 |
_a315 páginas : _bilustraciones, fotografías ; _c26 cm. |
||
| 336 |
_atexto _btxt _2rdacontent |
||
| 337 |
_asin mediación _bn _2rdamedia |
||
| 338 |
_avolumen _bnc _2rdacarrier |
||
| 500 | _aIncluye datos biográficos del autor en la solapa de la cubierta. | ||
| 505 | _aPresentación, 11.-- Un sorpresivo encuentro, 13.-- El "Uno de tantos", 21.--La carta de Balaguer, 27.-- Se decide el emplazamiento del Mirador del Sur, 31.-- Primer conflicto con mi partida, 39.-- El maco del Mirador, 47.-- El enano guardián, 51.-- Un encuentro sorpresivo en alas de la poesía, 57.-- Bajo una mata de flamboyán, 63.-- La vista de la ciudad desde el Mirador, 69.-- Lodazal en la avenida Anacaona, 73.-- El Cristo de Isabel de Torres y los jardines, 85.-- La periodista italiana, 91.-- ¡África ruge!, 95.-- El pelo de cuca, 99.-- Los tiburones de La Caleta, 103.-- El presidente se ríe de cómo un pescador, aparentemente ignorante, engañó a todos los expertos, 109.-- Bobby, 115.-- La mecedora vacía, 119.-- El pésame de Benyí, 123.-- Un maestro de obras y el retrato de Balaguer, 127.-- Un guiño de aprobación, 131.-- El teleférico de Puerto Plata, 139.-- El ingeniero de os zapatos azules, 145-- La libreta del pulpero, 151.-- La espada en el recuerdo, 155.-- Un concierto fuera de récord, 159.-- Las estatuas del Teatro Nacional, 163.-- La lluvia de Samaná, 167.-- Visita sorpresa al Baluarte del Conde, 175.-- Se comienza la discusión sobre el diseño del Altar de la Patria, 181.-- La duda razonable, 187.-- No se encuentra el foso, 193.-- Un general me ordena cerrar la excavación, 197.-- ¡Aparece el foso!, 201.-- Las excavaciones arqueológicas en la zona, 205.-- Frente a la glorieta del parque, 209.-- Las estatuas de los próceres y Duarte, 215.-- Todo el área Altar de la Patria, 221.-- De cómo me di cuenta de la falta de visión de Balaguer, 225.-- Escepticismo en la búsqueda de La Isabela, 233.-- Frente a la casa del almirante, 239.-- Cruxent y Balaguer, 251.-- El halo de misterio, 257.-- El dueño del lago, 261.-- El malecón colora’ o, 265.-- ¡Jaque Mate!, 269.-- Ecologista "ante literam", 273.-- Un paseo por la antigua Grecia, 279.-- Duro de caer, 285.-- Una asunto peliagudo, 291.-- Obras que se quedaron en el tintero, 297.-- En su estudio, los últimos meses y su preocupación por la ciudad frente a la improvisación, 305.-- A pasito lento, 311. | ||
| 590 | _aInventariado , 2025 /LP | ||
| 700 | 1 |
_aCasasnovas, Guadalupe, _efotográfo _4fot. _934369 |
|
| 700 | 1 |
_aChadirji, Suliman _efotógrafo _4fot. _987902 |
|
| 700 | 1 |
_aMontás, Onorio, _efotógrafo _4fot. _959042 |
|
| 910 | _aLP | ||
| 942 |
_2ddc _cLBS1 |
||
| 999 |
_c58527 _d58527 |
||